| 000 | 00693cam a2200217 4500 | ||
|---|---|---|---|
| 001 | ABS61729 | ||
| 008 | 000000n1999 000 0 eng u | ||
| 035 | _a(Sirsi) u103515 | ||
| 100 | _aBarrie, G. | ||
| 245 | _aPutting Auntie's house in order | ||
| 260 | _c1999 | ||
| 490 |
_aProperty Week _v 64(48) 10 December 1999, 30-31(2) |
||
| 520 | _aThe BBC had planned to raise up to £500m by outsourcing its property holdings, but this plan has run into trouble due to internal politics. | ||
| 590 | _aABS | ||
| 650 | _aBBC | ||
| 650 | _aOUTSOURCING | ||
| 650 | _aPROPERTY HOLDINGS | ||
| 650 | _aCORPORATE PROPERTY | ||
| 690 | _aPROPERTY MANAGEMENT-CORPORATE REAL ESTATE | ||
| 942 | _n0 | ||
| 999 |
_c62191 _d62191 |
||